Thống nhất nhận thức và có bước đi phù hợp trong đổi mới thể chế kinh tế /
Saved in:
| Main Author: | |
|---|---|
| Format: | Article |
| Language: | Vietnamese |
| Subjects: | |
| Tags: |
Add Tag
No Tags, Be the first to tag this record!
|
| Institutions: | Thư viện Trường Đại học Đà Lạt |
|---|
| LEADER | 00889nam a2200277 4500 | ||
|---|---|---|---|
| 001 | DLU180183834 | ||
| 005 | ##20180307 | ||
| 040 | # | # | |a DLU |b vie |
| 041 | # | # | |a vie |
| 044 | # | # | |a vn |
| 100 | # | # | |a Trần Du Lịch. |
| 245 | # | # | |a Thống nhất nhận thức và có bước đi phù hợp trong đổi mới thể chế kinh tế / |c Trần Du Lịch. |
| 653 | # | # | |a Định hướng Xã hội chủ nghĩa |
| 653 | # | # | |a Cải cách hành chính |
| 653 | # | # | |a Cơ chế thị trường |
| 653 | # | # | |a Tài chính công |
| 653 | # | # | |a Thể chế kinh tế |
| 773 | # | # | |t Tạp chí Lý luận Chính trị |g Số 6, 2014, tr. 14-19 |
| 920 | # | # | |a Phòng Tạp chí --Trung tâm Thông tin - Thư viện Trường Đại học Đà Lạt |
| 900 | # | # | |a True |
| 911 | # | # | |a Lê Thị Hồng |
| 925 | # | # | |a G |
| 926 | # | # | |a A |
| 927 | # | # | |a BB |
| 980 | # | # | |a Thư viện Trường Đại học Đà Lạt |